Τα σταυροδρόμια του λαβυρίνθου
Αποθηκεύτηκε σε:
| Κύριος συγγραφέας: | |
|---|---|
| Μορφή: | Βιβλίο |
| Γλώσσα: | Greek French |
| Δημοσίευση: |
Αθήνα :
Ύψιλον / Βιβλία,
1991.
|
| Θέματα: | |
| Ετικέτες: |
Προσθήκη ετικέτας
Δεν υπάρχουν, Καταχωρήστε ετικέτα πρώτοι!
|
MARC
| LEADER | 00000cam a2200000 i 4500 | ||
|---|---|---|---|
| 001 | 1/54232 | ||
| 008 | 941103s1991 gr | ||| |||| ||gre|| | ||
| 035 | |a 1994 |c Βιβλιοθήκη |l 10044937 | ||
| 040 | |a GR-MyUa |b gre |e AACR2 | ||
| 041 | 1 | |a gre |h fre | |
| 082 | 7 | |a 190 |2 (22) | |
| 082 | 7 | |a 199.495 |2 (23) | |
| 100 | 1 | |a Castoriadis, Cornelius, |d 1922-1997. | |
| 245 | 1 | 3 | |a Τα σταυροδρόμια του λαβυρίνθου / |c Κορνήλιος Καστοριάδης ; μετάφραση απο τα γαλλικά Ζήσης Σαρίκας. |
| 260 | |a Αθήνα : |b Ύψιλον / Βιβλία, |c 1991. | ||
| 300 | |a 406 σ. ; |c 21 εκ. | ||
| 650 | 0 | |a Philosophy. | |
| 650 | 0 | |a Social sciences. | |
| 650 | 0 | |a Psychoanalysis. | |
| 852 | |a INST |b SAMOS |e 19941103 |h 190 ΚΑΣ |p 005300005890 |q 005300005890 |t BK |y 0 | ||
| 852 | |a INST |b SYROS |e 20200320 |h 199.495 CAS |p 005500015009 |q 005500015009 |t BK |y 0 | ||